Online Public Access Catalog -OPAC

\a Basic Computational Techniques for Engineers (Record no. 89691)

MARC details
000 -LEADER
fixed length control field nam a22 4500
005 - DATE AND TIME OF LATEST TRANSACTION
control field 20241119101341.0
008 - FIXED-LENGTH DATA ELEMENTS--GENERAL INFORMATION
fixed length control field 241119b xxu||||| |||| 00| 0 eng0
020 ## - INTERNATIONAL STANDARD BOOK NUMBER
International Standard Book Number \a 0727302035
040 ## - CATALOGING SOURCE
Original cataloging agency \a NG-ZaABU
Transcribing agency 0
050 ## - LIBRARY OF CONGRESS CALL NUMBER
Classification number \a TA 345.A33 Ade
Item number \b 513504
100 ## - MAIN ENTRY--PERSONAL NAME
9 (RLIN) 9038
Personal name a Adey, R.A.
245 ## - TITLE STATEMENT
Title \a Basic Computational Techniques for Engineers
Statement of responsibility, etc. \c /by R.A. Adey & C.A. Brebbia
Medium \h [Text]
260 ## - PUBLICATION, DISTRIBUTION, ETC.
Place of publication, distribution, etc. \a London :
Name of publisher, distributor, etc. \b Pentech Press Ltd.
Date of publication, distribution, etc. \c 1983
300 ## - PHYSICAL DESCRIPTION
Extent \a 208p.:
Other physical details \b ill.
500 ## - GENERAL NOTE
General note \a Includes Index
852 ## - LOCATION
Location \a KIL
Shelving location \c Circulation unit
Piece designation \p 513504
942 ## - ADDED ENTRY ELEMENTS (KOHA)
Source of classification or shelving scheme Library of Congress Classification
Koha item type Books
Classification part \h 345.A33
Call number prefix \k TA
Call number suffix \m Ade
Holdings
Withdrawn status Lost status Source of classification or shelving scheme Damaged status Not for loan Home library Current library Shelving location Date acquired Total Checkouts Full call number Barcode Date last seen Copy number Price effective from Koha item type
    Library of Congress Classification     Kashim Ibrahim Library Kashim Ibrahim Library Circulation 11/19/2024   \a TA 345.A33 Ade \p 30005107830468 11/19/2024 \t 513504 11/19/2024 Books

Customized by ICT Technical Service Unit on 29th Dec 2022

Kashim Ibrahim Library